[Event "FISU World University"]
[Site "Tornelo INT"]
[Date "2020.10.26"]
[Round "2.19"]
[White "Sulkowski, Andrzej"]
[Black "Martynkova, Olena"]
[Result "0-1"]
[WhiteElo "1783"]
[BlackElo "2222"]
[PlyCount "66"]
[EventDate "2020.10.26"]
[EventType "team-swiss (rapid)"]
[EventRounds "9"]
[EventCountry "NET"]
[SourceTitle "CBM 199 Extra"]
[Source "ChessBase"]
[SourceDate "2021.01.31"]
[SourceVersion "1"]
[SourceVersionDate "2021.01.31"]
[SourceQuality "1"]
[WhiteTeam "Poland III"]
[BlackTeam "Ukraine"]
[WhiteTeamCountry "POL"]
[BlackTeamCountry "UKR"]

1. d4 Nf6 2. Nf3 g6 3. g3 Bg7 4. Bg2 0-0 5. 0-0 d6 6. c4 Nbd7 7. Nc3 e5 8. e3 Re8 9. b3 c6 10. Bb2 e4 11. Nd2 d5 12. Rc1 a6 13. Na4 Nf8 14. cxd5 cxd5 15. Qc2 Ne6 16. b4 h5 17. Nc5 Ng5 18. Qa4 b6 19. Ncb3 Bd7 20. Qa3 Bf8 21. Ba1 a5 22. Rb1 axb4 23. Qb2 Bh3 24. Bxh3 Nxh3+ 25. Kg2 Qd7 26. Nc1 Ng5 27. f4 Qh3+ 28. Kg1 Ng4 29. Ndb3 Nf3+ 30. Rxf3 exf3 31. Nd3 Rxe3 32. Nbc1 f2+ 33. Nxf2 Re1# 0-1

[Event "POL Olympiad U14"]
[Site "Spala"]
[Date "2014.12.30"]
[Round "7.14"]
[White "Gaj, Szymon"]
[Black "Sulkowski, Andrzej"]
[Result "0-1"]
[WhiteElo "1544"]
[BlackElo "1585"]
[PlyCount "47"]
[EventDate "2014.04.06"]
[EventType "swiss"]
[EventRounds "9"]
[EventCountry "POL"]
[SourceTitle "EXT 2023"]
[Source "ChessBase"]
[SourceDate "2022.10.05"]
[SourceVersion "1"]
[SourceVersionDate "2022.10.05"]
[SourceQuality "1"]

1. d4 Nf6 2. c4 e6 3. Nc3 c5 4. d5 exd5 5. cxd5 d6 6. e4 g6 7. f4 Bg7 8. Bb5+ Bd7 9. e5 dxe5 10. fxe5 Nh5 11. Bxd7+ Nxd7 12. g4 Qh4+ 13. Kf1 Ng3+ 14. hxg3 Qxh1 15. e6 fxe6 16. dxe6 0-0+ 17. Bf4 Nb6 18. e7 Rfe8 19. Qe2 Qc6 20. Nf3 Bf6 21. Kg2 Rxe7 22. Qf2 Rae8 23. Rd1 Bxc3 24. Rd3 0-1

[Event "POL Olympiad U14"]
[Site "Spala"]
[Date "2014.12.30"]
[Round "8.10"]
[White "Sulkowski, Andrzej"]
[Black "Szmer, Aleksander"]
[Result "0-1"]
[WhiteElo "1585"]
[BlackElo "1732"]
[PlyCount "120"]
[EventDate "2014.04.06"]
[EventType "swiss"]
[EventRounds "9"]
[EventCountry "POL"]
[SourceTitle "EXT 2023"]
[Source "ChessBase"]
[SourceDate "2022.10.05"]
[SourceVersion "1"]
[SourceVersionDate "2022.10.05"]
[SourceQuality "1"]

1. d4 d5 2. c4 e5 3. dxe5 d4 4. Nf3 Nc6 5. g3 Bg4 6. Bg2 Qd7 7. 0-0 Nge7 8. Nbd2 Ng6 9. a3 0-0-0 10. b4 Ncxe5 11. Bb2 Nxf3+ 12. Nxf3 d3 13. e3 Qf5 14. Re1 d2 15. Rf1 f6 16. Qe2 Qc2 17. Bd4 Ne5 18. h3 d1Q 19. Qxd1 Qxd1 20. Raxd1 Bxf3 21. Bxf3 Nxf3+ 22. Kg2 Nxd4 23. exd4 c6 24. Rfe1 Bd6 25. c5 Bc7 26. Re7 Rd7 27. Rde1 Rhd8 28. h4 Rxe7 29. Rxe7 Rd7 30. Re8+ Bd8 31. Rh8 g6 32. Kh3 Kc7 33. g4 Rf7 34. f4 Kd7 35. Kg3 g5 36. hxg5 fxg5 37. f5 Bf6 38. Rb8 Kc7 39. Rg8 Bxd4 40. Rxg5 Bb2 41. Rh5 Bxa3 42. g5 Bxb4 43. Kg4 Bxc5 44. g6 hxg6 45. fxg6 Rg7 46. Rxc5 Rxg6+ 47. Kf5 Rh6 48. Ke4 b5 49. Kd4 Kb6 50. Rg5 a5 51. Rf5 Rh4+ 52. Kc3 a4 53. Rf6 b4+ 54. Kb2 Rh2+ 55. Kb1 Kb5 56. Rf5+ c5 57. Rf4 a3 58. Rg4 b3 59. Rg1 Kb4 60. Rg4+ c4 0-1

[Event "POL Olympiad U14"]
[Site "Spala"]
[Date "2014.12.30"]
[Round "1.10"]
[White "Zaleski, Lukasz"]
[Black "Sulkowski, Andrzej"]
[Result "1-0"]
[WhiteElo "1876"]
[BlackElo "1585"]
[PlyCount "89"]
[EventDate "2014.04.06"]
[EventType "swiss"]
[EventRounds "9"]
[EventCountry "POL"]
[SourceTitle "EXT 2023"]
[Source "ChessBase"]
[SourceDate "2022.10.05"]
[SourceVersion "1"]
[SourceVersionDate "2022.10.05"]
[SourceQuality "1"]

1. Nf3 e6 2. g3 d5 3. Bg2 Nf6 4. 0-0 c5 5. d3 Nc6 6. Nbd2 b6 7. e4 Bb7 8. e5 Nd7 9. Re1 Be7 10. c3 Qc7 11. Qe2 0-0-0 12. Nf1 Rdg8 13. h4 h6 14. N1h2 Nd8 15. Ng4 h5 16. Ngh2 Nf8 17. Bh3 Nh7 18. d4 g5 19. hxg5 Nxg5 20. Nxg5 Bxg5 21. Bxg5 Rxg5 22. Nf3 Rg7 23. Nh4 Qe7 24. Kh2 cxd4 25. cxd4 Kb8 26. Qd2 Rgg8 27. Rac1 Nc6 28. Rc3 Rc8 29. Rec1 Rc7 30. Nf3 Rcc8 31. Bf1 f5 32. Bb5 Na5 33. b3 Rxc3 34. Rxc3 a6 35. Be2 Ka7 36. Qc1 Nc6 37. Rxc6 Bxc6 38. Qxc6 Rf8 39. Ng5 f4 40. Kg2 Qxg5 41. Qc7+ Ka8 42. Bxa6 f3+ 43. Kh2 Rb8 44. Bb5 Rb7 45. Bc6 1-0

[Event "POL Region-ch U11"]
[Site "Szczyrk"]
[Date "2012.10.21"]
[Round "7.3"]
[White "Sulkowski, Andrzej"]
[Black "Jobda, Rafal"]
[Result "1/2-1/2"]
[WhiteElo "1541"]
[BlackElo "1499"]
[PlyCount "114"]
[EventDate "2012.10.14"]
[EventType "swiss"]
[EventRounds "9"]
[EventCountry "POL"]
[SourceTitle "EXT 2023"]
[Source "ChessBase"]
[SourceDate "2022.10.05"]
[SourceVersion "1"]
[SourceVersionDate "2022.10.05"]
[SourceQuality "1"]

1. d4 Nf6 2. c4 e6 3. Nc3 Bb4 4. Bd2 b6 5. Nf3 Bb7 6. e3 Bxc3 7. Bxc3 Ne4 8. Bd3 Nxc3 9. bxc3 f5 10. 0-0 g5 11. Ne5 g4 12. Be2 d6 13. Nd3 Qg5 14. Nf4 Ke7 15. Qb3 Nd7 16. c5 Nf8 17. cxd6+ cxd6 18. c4 Ng6 19. Nd3 Nh4 20. d5 e5 21. c5 Nf3+ 22. Bxf3 gxf3 23. cxd6+ Kf6 24. g3 Ba6 25. Qc3 Rae8 26. d7 Re7 27. Qc6+ Kf7 28. Rfd1 Qg4 29. Qh6 Rg8 30. h3 Qg6 31. Qxg6+ hxg6 32. Nb4 Be2 33. Nc6 Rxd7 34. Nxe5+ Ke7 35. Nxd7 Bxd1 36. Nxb6 axb6 37. Rxd1 Ra8 38. Rd2 Kd6 39. Kh2 Ra5 40. g4 fxg4 41. hxg4 g5 42. Kg3 Ra3 43. Kxf3 Ra4 44. Rb2 Kxd5 45. Rxb6 Ke5 46. Rb2 Rc4 47. Rb1 Ra4 48. Ra1 Ra3 49. Ke2 Ke4 50. f3+ Ke5 51. Kf2 Kd5 52. Ke2 Ke5 53. Kf2 Kd5 54. f4 gxf4 55. exf4 Ke4 56. f5 Kf4 57. Rg1 Rxa2+ 1/2-1/2